Antineoplastic and Antibiotic molecules associated Bacteria from Entopathogenic Nematodes/' (Record no. 758065)

MARC details
000 -LEADER
fixed length control field 00392nam a2200121 4500
082 ## - DEWEY DECIMAL CLASSIFICATION NUMBER
Classification number 660.6 NIS
084 ## - OTHER CLASSIFICATION NUMBER
Source of Number Colon Classification
100 ## - MAIN ENTRY--AUTHOR NAME
Personal name Nishanth Kumar S
245 ## - TITLE STATEMENT
Title Antineoplastic and Antibiotic molecules associated Bacteria from Entopathogenic Nematodes/'
Statement of responsibility, etc Nishanth Kumar S
260 ## - PUBLICATION, DISTRIBUTION, ETC. (IMPRINT)
Place of publication CTCRI:
Name of publisher University of Kerala;
Year of publication 2012.
942 ## - ADDED ENTRY ELEMENTS (KOHA)
Source of classification or shelving scheme Dewey Decimal Classification
Koha item type PhD Thesis
Holdings
Withdrawn status Lost status Source of classification or shelving scheme Damaged status Not for loan Home Library Current Location Date acquired Full call number Accession Number Price effective from Koha item type
    Dewey Decimal Classification     Dept. of Bio-Technology Dept. of Bio-Technology 25/03/2026 660.6 NIS BTYT106 25/03/2026 PhD Thesis